Globalizacion e interdisciplinaridad: El curriculum integrado / Jurjo Torres Santomé (Registro nro. 1729)

Detalles MARC
000 -LEADER
fixed length control field 00570nam a22002171a 4500
001 - CONTROL NUMBER
control field 1729
003 - CONTROL NUMBER IDENTIFIER
control field OSt
005 - DATE AND TIME OF LATEST TRANSACTION
control field 20260204211745.0
008 - FIXED-LENGTH DATA ELEMENTS--GENERAL INFORMATION
fixed length control field 040120s1998||||sp ||||||b||||||||||spa||
020 ## - NUMERO DE LIBRO INTERNACIONAL NORMALIZADO
International Standard Book Number 847112372
050 ## - LIBRARY OF CONGRESS CALL NUMBER
Classification number 375.0086 T636g
082 ## - DEWEY DECIMAL CLASSIFICATION NUMBER
Classification number 375.0086 T636g
100 ## - ASIENTO PRINCIPAL -- NOMBRE PERSONAL
Personal name Torres Santomé, Jurjo
245 ## - TÍTULO PROPIAMENTE DICHO: SUBTÍTULO
Title Globalizacion e interdisciplinaridad: El curriculum integrado / Jurjo Torres Santomé
250 ## - MENCIÓN DE EDICIÓN
Edition statement 3ed.
264 ## - PRODUCTION, PUBLICATION, DISTRIBUTION, MANUFACTURE, AND COPYRIGHT NOTICE
Place of production, publication, distribution, manufacture España: Morata
300 ## - PHYSICAL DESCRIPTION
Extensión 278 p.
500 ## - GENERAL NOTE
General note Incluye indice
650 ## - ASIENTO SECUNDARIO DE MATERIA -- TERMINO TEMÁTICO
Termino Temático Como Elemento de Entrada Educación - CurrículoÌ
942 ## - ADDED ENTRY ELEMENTS (KOHA)
Source of classification or shelving scheme Dewey Decimal Classification
Koha item type Libros
Existencias
Withdrawn status Lost status Source of classification or shelving scheme Damaged status Not for loan Current library Date acquired Total Checkouts Full call number Barcode Date last seen Price effective from Koha item type
    Dewey Decimal Classification     Biblioteca UTECO 09/09/2019   375.0086 T636G 000047 09/09/2019 09/09/2019 Libros
    Dewey Decimal Classification     Biblioteca UTECO 09/09/2019   375.0086 T636G 000048 09/09/2019 09/09/2019 Libros
    Dewey Decimal Classification Descartado para donación   Biblioteca UTECO 09/09/2019   375.0086 T636G 000049 09/09/2019 09/09/2019 Libros
    Dewey Decimal Classification     Biblioteca UTECO 09/09/2019   375.0086 T636G 000050 09/09/2019 09/09/2019 Libros
    Dewey Decimal Classification Descartado para donación   Biblioteca UTECO 09/09/2019   375.0086 T636G 000051 09/09/2019 09/09/2019 Libros
© 2021 Derechos Reservados UTECO - Teléfono: +1 809-585-2291 - Correo electrónico: biblioteca@uteco.edu.do​  
Código postal 43000 ​​
Dirección: Avenida Universitaria No. 100, 
Cotuí, Provincia Sánchez Ramírez, República Dominicana - RNC: 404-00059-6